Acta VŠFS economic studies and analyses

Gespeichert in:
Bibliographische Detailangaben
Format: Schriftenreihe
Sprache:Englisch
Veröffentlicht: Praha Vysoká škola finanční a správní 2011
Schlagworte:
Tags: Tag hinzufügen
Keine Tags, Fügen Sie das erste Tag hinzu!

MARC

LEADER 00000nas2a2200000 4500
001 0211901
005 20160203105105.3
022 |a 1802-792X 
041 0 |a eng 
044 |a CZ 
245 1 0 |a Acta VŠFS  |b economic studies and analyses 
264 1 |a Praha  |b Vysoká škola finanční a správní  |c 2011 
773 0 |w eu_un_cat*0072294 
610 2 0 |a veda ekonomická 
610 2 0 |a teórie ekonomické